Laddar...

United nations and the gulf crisis

Bibliografiska uppgifter
Huvudupphovsman: Anand,RP
Materialtyp: Printed Book
Publicerad: Banyan publications New Delhi 1994
Serie:Nonograph series No.1
Ämnen:
LEADER 00497nam a2200157 4500
082 |a 320.956 ANA-U 
100 |a Anand,RP 
245 |a United nations and the gulf crisis  |c Anand,RP 
250
260 |a Banyan publications New Delhi  |c 1994 
300
490 |a Nonograph series No.1 
650 |a Middle East politics--Political science 
942 |c BK 
999 |c 187571  |d 187571 
952 |0 0  |1 0  |4 0  |6 320_956000000000000_ANAU  |7 0  |9 200920  |a ISL  |b ISL  |l 0  |o 320.956 ANA-U  |p ISL01727  |r 2019-10-28  |w 2019-10-28  |y BK